000 00479nam a2200181Ia 4500
001 11364
005 20260306162822.0
008 260306t2022||||xx |||||||||||||| ||spa||
041 _aESP
082 _a985.04
_bB141
100 _aMontalvo Salcedo, Enmanuel,
_eAUT
245 0 _aNuevas miradas a las independencias :
_bactores, procesos e instituciones
260 _c2022
300 _a227 páginas :
_c20 cm.
650 _aGEN
654 _aCHU
942 _cLIB
_dJUS
_fJUS
_2ddc
_n
999 _c11364
_d11364